Statistics for Countries hidden in phrases

Click here to take the quiz!

General Stats

  • This quiz has been taken 148 times
    (147 since last reset)
  • The average score is 18 of 25

Answer Stats

Hidden countries% Correct
Can Ada hear Sam moan?Canada
97%
Scuba diving is real fun.Cuba
94%
Japan
87%
India
82%
This axe can chop an amazing amount of wood.Panama
81%
Norway
79%
To go boldly where no man has gone before is painless.Togo
79%
Niger
75%
Have you ever seen a babe ninja panic?Benin
74%
Using primal instinct is no minor way to solve problems.Mali
74%
Spain
72%
I ran after it realizing I had been so much in anger many times before.Iran
71%
Off I jigged with Loni, Geri and mariachi legends.Fiji
70%
This digital yearbook is in diary format.Italy
69%
With him a law is nothing he cannot get round.Malawi
69%
Chile
68%
Germany
67%
China
65%
Singapore
63%
Tonga
63%
Oman
62%
Improper use of krypton gas in gap or exit is a major danger.Peru
61%
Nigeria
60%
Jordan
56%
Eritrea
44%

Score Distribution

Percentile by Number Answered

Percent of People with Each Score

Your Score History

You have not taken this quiz since the last reset